000 00624nam a2200229Ia 4500
003 GCL
005 20240530100238.0
008 140319s9999 xx 000 0 eng d
040 _aGCL /
_cGCL
082 0 4 _a302.14
_bN A
100 1 _aMUSTAPHA K. NABLI
245 1 0 _aACTES DU COLLOQUE : COOPERATION CEE - MAGHREB /
_cMUSTAPHA K. NABLI
260 _a[S.N] :
_bIMPRIMERIE NATIONALE EDITIONS ،
_c1981
300 _a396 P
650 0 4 _aCOOPERATION
650 0 4 _aNABLI, MUSTAPHA K
650 0 4 _aCHARFI, M
650 0 4 _aSOCIAL PARTICIPATION
700 1 _aNABIL, MUSTAPHA K
700 1 _aCHARFI, M
942 _2ddc
_cBK
999 _c15606
_d15606